Normal view
MARC view
Entry Personal Name
001 - CONTROL NUMBER
- control field: 33090
003 - CONTROL NUMBER IDENTIFIER
- control field: ARRUPE
005 - DATE AND TIME OF LATEST TRANSACTION
- control field: 20170718084122.0
008 - FIXED-LENGTH DATA ELEMENTS
- fixed length control field: 170718|| aca||aabn | a|a d
040 ## - CATALOGING SOURCE
- Original cataloging agency: ARRUPE
- Transcribing agency: ARRUPE
100 ## - HEADING--PERSONAL NAME
- Personal name: Solomon, Robert C.
670 ## - SOURCE DATA FOUND
- Source citation: Work cat.: (ARRUPE)21629: Solomon, Robert C., Continental philosophy since 1750 :, 1988.